000 00415nam a22001577a 4500
003 NUST
005 20230315100633.0
020 _a9780415584371
082 _a621.042
_bTWI
100 _aTwidell, John
_9110297
245 _aRenewable Energy Resources \
_cJohn Twidell & Tony Weir
250 _a3rd Ed.
260 _aAbingdon ,
_bRoutledge,
_c2015.
300 _axiv, 784p. ;
_bHardbinding
_c25cm.
942 _2ddc
_cBK
999 _c593735
_d593735